00927nam a2200241Ia 4500008004100000040001400041082002100055100004700076245002200123260003800145300001100183365002600194366000800220505001900228530003000247620018300277630002200460650001400482730002200496942000900518999001900527952013900546100315s9999 xx 000 0 und d cENGLISH  b8565 a657.42  a"Khanna, B.S., Pandey, I.M., Ahuja, G.K. " aPractical Costing aNEW DELHI bS.CHAND & CO  c0  a538   eRupees d1 b0.00  f0  gJaya Nikhade  bDonated By RBI Library   a"Costing , Material Issues, Labour Remuneration and Incentives , Cost Sheet, Operating Cost , control and Job costing , Process accounts, Variance analysis , Budgetary control " aPractical Costing aCosting  aPractical Costing cBOOK c483300d483297 00104070aVPMBRIMSbVPMBRIMSd2009-05-12g0.00l0o657.42 /KHA/PAN  8565 pVPMBRIMS-8565 r2010-03-19 00:00:00w2010-03-19yBOOK